Central Library OPAC University of Rajshahi

A Guide to the medicinal plants of coastal Guyana / (Record no. 66728)

MARC details
000 -LEADER
fixed length control field 01005nam a2200277 a 4500
001 - CONTROL NUMBER
control field 66728
003 - CONTROL NUMBER IDENTIFIER
rucl marc code BD-RjUL
005 - DATE AND TIME OF LATEST TRANSACTION
control field 20211209081554.0
008 - FIXED-LENGTH DATA ELEMENTS--GENERAL INFORMATION
fixed length control field 170319s1987 enka|||| |||| 001 0 eng d
035 ## - SYSTEM CONTROL NUMBER
System control number (BD-RjUL)66859
040 ## - CATALOGING SOURCE
Original cataloging agency BD-RjUL
Language of cataloging eng
Transcribing agency BD-RjUL
Modifying agency BD-RjUL
041 ## - LANGUAGE CODE
Language code of text/sound track or separate title eng
082 ## - DEWEY DECIMAL CLASSIFICATION NUMBER
Edition number 23
Classification number 615.321
Author mark and year LAG 1987
100 ## - MAIN ENTRY--PERSONAL NAME
Personal name Lachman-White, D. A
9 (RLIN) 197533
245 ## - TITLE STATEMENT
Title A Guide to the medicinal plants of coastal Guyana /
Statement of responsibility, etc. D A Lachman-White; C D Adams; Ulric O'D Trotz
260 ## - PUBLICATION, DISTRIBUTION, ETC. (IMPRINT)
Place of publication, distribution, etc. London :
Name of publisher, distributor, etc. Commonwealth Science Council,
Date of publication, distribution, etc. 1987.
300 ## - PHYSICAL DESCRIPTION
Pagination v, 350 p. :
Illustrations ill. ;
Size 26 cm.
490 ## - SERIES STATEMENT
Series statement CSC technical publication series (Commonwealth Science Council);
Volume/sequential designation no. 225.
500 ## - GENERAL NOTE
General note Includes index
650 ## - SUBJECT ADDED ENTRY--TOPICAL TERM
Topical term or geographic name as entry element Medicinal plants
General subdivision Guyana
9 (RLIN) 197534
Topical term or geographic name as entry element Botany, Medical
General subdivision Guyana
9 (RLIN) 197535
700 ## - ADDED ENTRY--PERSONAL NAME
Personal name Adams, C D
Personal name Trotz, Ulric O.'D
830 ## - SERIES ADDED ENTRY--UNIFORM TITLE
Uniform title CSC technical publication series (Commonwealth Science Council);
Volume number/sequential designation no. 225.
942 ## - ADDED ENTRY ELEMENTS (KOHA)
Source of classification or shelving scheme Dewey Decimal Classification
Koha item type Books
Holdings
Lost status Source of classification or shelving scheme Damaged status Not for loan Collection code Permanent Location Current Location Shelving location Date acquired Source of acquisition Cost, normal purchase price Total Checkouts Full call number Date last seen Copy number Koha item type
  Dewey Decimal Classification   Not For Loan Non-fiction Central Library, University of Rajshahi Central Library, University of Rajshahi Reading Room 15/02/2009 Rajshahi, R.U.C.L 0.00   615.321 LAG 1987 19/03/2017 C-1 Books